| 000 | 00837nam a2200253 i 4500 | ||
|---|---|---|---|
| 001 | 000029781 | ||
| 003 | OSt | ||
| 005 | 20231020142122.0 | ||
| 007 | ta | ||
| 008 | 110425s1974 dr r 000 0 spa d | ||
| 040 |
_aDO-SdBNP _bspa _cBNPHU _erda |
||
| 082 | 4 |
_a320.97293 _bA473id _222 |
|
| 100 | 1 |
_aAlvarez, Federico C. _913213 |
|
| 245 | 1 | 0 |
_aIdeología política del pueblo dominicano / _cFederico C. Alvarez. |
| 264 |
_aSanto Domingo : _bLa Información, C. por A. _c1929. |
||
| 300 |
_a71 páginas ; _c22 cm. |
||
| 336 |
_2rdacontent _atexto _btxt |
||
| 337 |
_2rdamedia _asin mediación _bn |
||
| 338 |
_2rdacarrier _avolumen _bnc |
||
| 590 | _aInventariado 2023 / LP | ||
| 651 | 4 |
_aRepública Dominicana _xPolítica y gobierno _vEnsayos, conferencias, etc. _9205 |
|
| 910 | _aValidado. Control de calidad MFF | ||
| 942 |
_2ddc _cLBS1 |
||
| 999 |
_c29273 _d29273 |
||